[Event "Hotel Irottko GM"]
[Site "Koszeg"]
[Date "1999.07.02"]
[Round "10"]
[White "Habibi, Ali"]
[Black "Zontakh, Andrey"]
[Result "0-1"]
[WhiteElo "2344"]
[BlackElo "2530"]

1.c4 e5 2.g3 g6 3.Nc3 Bg7 4.Bg2 Nc6 5.Nf3 f5 6.d3 d6 7.a3 Nf6 8.Rb1 O-O 9.Bd2 h6
10.O-O Be6 11.b4 g5 12.b5 Ne7 13.c5 b6 14.cxd6 cxd6 15.Qa4 Qd7 16.Rfc1 f4
17.Ne4 Ne8 18.Bb4 Rd8 19.Rc2 a5 20.Bc3 Ng6 21.Ba1 d5 22.Nc3 Nf6 23.Nd1 d4
24.Rc6 Nd5 25.Nd2 Nge7 26.Rc4 h5 27.Ne4 Bh6 28.Rbc1 h4 29.Rxd4 exd4 30.Qxd4 Nf5
31.Qh8+ Kf7 32.Nxg5+ Kg6 33.Qe5 Kxg5 34.gxh4+ Kxh4 35.Qe4 Rg8 36.Rc6 Rg5
37.Qf3 Nfe7 38.Rxe6 Qxe6 39.e4 Rdg8  0-1

[Event "SVK-ch"]
[Site "Nove Zamky"]
[Date "1999.07.03"]
[Round "1"]
[White "Pcola, Pavel"]
[Black "Schuetz, Peter"]
[Result "1-0"]
[WhiteElo "2360"]
[BlackElo "2042"]

1.c4 e5 2.g3 Nc6 3.Bg2 f5 4.e3 Nf6 5.Ne2 g6 6.Nbc3 e4 7.d4 Bg7 8.Nf4 O-O
9.h4 Ne7 10.b3 Ng4 11.Bb2 d6 12.Qe2 c6 13.O-O-O a6 14.f3 exf3 15.Bxf3 b5
16.e4 bxc4 17.Bxg4 fxg4 18.Qxc4+ Kh8 19.h5 d5 20.exd5 cxd5 21.Ncxd5 Bb7 22.Nxe7 Bxh1
23.Rxh1 g5 24.Neg6+ hxg6 25.hxg6+ Bh6 26.Rxh6+ Kg7 27.Rh7+  1-0

[Event "NOR-ch"]
[Site "Gausdal"]
[Date "1999.07.04"]
[Round "2"]
[White "Storland, Knut H"]
[Black "Hansen, Torbjorn R"]
[Result "1-0"]
[WhiteElo "2269"]
[BlackElo "2259"]

1.c4 e5 2.g3 Nf6 3.Bg2 d5 4.cxd5 Nxd5 5.Nc3 Nb6 6.Nf3 Nc6 7.O-O Be7 8.a3 O-O
9.b4 a6 10.d3 Re8 11.Bb2 Bf8 12.Rc1 Nd4 13.Nxd4 exd4 14.Ne4 Bg4 15.h3 Bh5
16.g4 Bg6 17.Nc5 Bxc5 18.bxc5 Nd5 19.Qd2 h5 20.Bxd4 hxg4 21.hxg4 Qh4 22.f3 Rad8
23.Rc4 b5 24.cxb6 Nxb6 25.Rb4 a5 26.Rxb6 cxb6 27.Bxb6 Rb8 28.Bxa5 Qe7 29.f4 Qxa3
30.f5 Bh7 31.Bc3 Qc5+ 32.d4 Qc4 33.Bf3 Rb6 34.d5 Qc7 35.Qd4 f6 36.Kg2 Rb3
37.Rc1 Qd6 38.Bd2 g6 39.Rc6 Qd7 40.fxg6 Bxg6 41.Qxf6 Bf7 42.Qg5+ Kf8 43.Rh6 Bg8
44.Qf4+ Bf7 45.Qf6  1-0

[Event "NOR-ch"]
[Site "Gausdal"]
[Date "1999.07.06"]
[Round "5"]
[White "Ostenstad, Berge"]
[Black "Djurhuus, Rune"]
[Result "1/2-1/2"]
[WhiteElo "2446"]
[BlackElo "2483"]

1.g3 e5 2.c4 Nc6 3.Bg2 f5 4.Nc3 Nf6 5.d3 Bc5 6.e3 O-O 7.Nge2 d6 8.d4 Bb6
9.O-O Qe8 10.Na4 exd4 11.Nxb6 axb6  1/2-1/2

[Event "Southern Californian-ch"]
[Site "Los Angeles"]
[Date "1999.07.10"]
[Round "2"]
[White "Altounian, Levon"]
[Black "Van Buskirk, Charles"]
[Result "1/2-1/2"]
[WhiteElo "2434"]
[BlackElo "2287"]

1.c4 e5 2.g3 Nf6 3.Bg2 d5 4.cxd5 Nxd5 5.Nc3 Nb6 6.d3 Be7 7.Nf3 Nc6 8.Be3 O-O
9.O-O Bg4 10.Rc1 Qd7 11.Ne4 f6 12.Bc5 Nd4 13.Nxd4 exd4 14.Qb3+ Kh8 15.Qb4 Rfe8
16.f3 Be6 17.Qxd4 Bxc5 18.Qxc5 Bxa2 19.Qxc7 Qd4+ 20.Kh1 Qxb2 21.Rc2 Qb3 22.Rfc1 Rac8
23.Qxc8  1/2-1/2

[Event "Komercni Banka op"]
[Site "Pardubice"]
[Date "1999.07.18"]
[Round "3"]
[White "Dimitrov, Vladimir"]
[Black "Hardarson, Robert"]
[Result "1-0"]
[WhiteElo "2464"]
[BlackElo "2331"]

1.g3 e5 2.c4 Nf6 3.Bg2 c6 4.d4 Bb4+ 5.Bd2 Bxd2+ 6.Qxd2 exd4 7.Qxd4 O-O 8.Nc3 d5
9.cxd5 cxd5 10.Nxd5 Nxd5 11.Qxd5 Qb6 12.Nf3 Qxb2 13.O-O Nc6 14.Rab1 Qf6 15.Ng5 Rd8
16.Ne4 Qg6 17.Qg5 Qxg5 18.Nxg5 h6 19.Ne4 Bg4 20.e3 Rab8 21.h3 Be6 22.a3 Na5
23.Rfc1 b6 24.Rc7 Rd7 25.Rxd7 Bxd7 26.Nd6 Rd8 27.Rc1 Be6 28.Nb5 a6 29.Nd4 Rc8
30.Rd1 Bc4 31.Nf5 Kf8 32.Rd6 Be6 33.Nd4 Nc4 34.Nxe6+ Ke7 35.Rd3 fxe6 36.Bb7 Rc5
37.Bxa6 Ne5 38.Rb3 Ra5 39.Be2 Nd7 40.h4 Nc5 41.Rxb6 Rxa3 42.Rc6 Rc3 43.Rc7+ Kf6
44.Rc8 Rc1+ 45.Kg2 Rc2 46.Bg4 e5 47.Rc6+ Ke7 48.h5 Nd3 49.Rxc2 Ne1+ 50.Kf1 Nxc2
51.Bf5 Nb4 52.f4 Nd5 53.Ke2 Nf6 54.fxe5 Nd5 55.Kd3 Nb4+ 56.Kc4 Nc6 57.Kd5 Nb4+
58.Ke4 Nc6 59.Bc8 Kf8 60.Bd7 Ne7 61.Kd4 g6 62.g4  1-0

[Event "S&W Young Masters 9th"]
[Site "Witley"]
[Date "1999.07.18"]
[Round "3"]
[White "Mah, Karl"]
[Black "Palliser, Richard"]
[Result "1/2-1/2"]
[WhiteElo "2316"]
[BlackElo "2253"]

1.c4 e5 2.g3 Nc6 3.Bg2 g6 4.Nc3 Bg7 5.e4 d6 6.Nge2 f5 7.d3 Nf6 8.O-O O-O
9.Nd5 Ne7 10.Nxe7+ Qxe7 11.exf5 gxf5 12.f4 c6 13.Nc3 Be6 14.Qe2 Rae8 15.h3 Qf7
16.Qf2 e4 17.dxe4 Bxc4 18.Re1 Nxe4 19.Nxe4 fxe4 20.Qxa7 Ra8  1/2-1/2

[Event "SCO-ch"]
[Site "Edinburgh"]
[Date "1999.07.20"]
[Round "5"]
[White "Norris, Alan J"]
[Black "Buchanan, Walter F"]
[Result "1-0"]
[WhiteElo "2335"]
[BlackElo "2100"]

1.c4 e5 2.g3 Nc6 3.Bg2 g6 4.Nc3 Bg7 5.e4 d6 6.Nge2 Nge7 7.d3 O-O 8.O-O f5
9.Nd5 Be6 10.Be3 Qd7 11.Qd2 Rab8 12.Rac1 Nd4 13.Nxd4 exd4 14.Bh6 Nc6 15.Bxg7 Kxg7
16.f4 Rbe8 17.Qf2 a5 18.a3 a4 19.Nb4 fxe4 20.Bxe4 Bh3 21.Rfe1 Ne5 22.Qxd4 c5
23.Qd5 cxb4 24.fxe5 Rxe5 25.Qxb7 Qxb7 26.Bxb7 bxa3 27.bxa3 Rxe1+ 28.Rxe1 Rb8
29.Re7+ Kh6 30.Kf2 Rf8+ 31.Bf3 Bg4 32.Re3 Kg7 33.Ke2 Bxf3+ 34.Rxf3 Rb8 35.d4 Rb2+
36.Kd3 Rxh2 37.c5 dxc5 38.dxc5 Rh1 39.Kc4 Re1 40.c6 Re7 41.Kc5 h5 42.Kd6 Re1
43.Rc3 Rd1+ 44.Kc5  1-0

[Event "Paris-ch"]
[Site "Paris"]
[Date "1999.07.20"]
[Round "4"]
[White "Manouck, Thierry"]
[Black "Bellamine, Imed"]
[Result "1-0"]
[WhiteElo "2275"]
[BlackElo "2136"]

1.c4 e5 2.g3 c6 3.d4 Bb4+ 4.Nc3 Qa5 5.Nf3 e4 6.Nd2 Nf6 7.Bg2 Bxc3 8.bxc3 Qxc3
9.Rb1 O-O 10.Bb2 Qa5 11.d5 e3 12.fxe3 Ng4 13.Qb3 Re8 14.Bc3 Qb6 15.Bd4 c5
16.h3 cxd4 17.hxg4 dxe3 18.Ne4 Qd4 19.Qd3 Qe5 20.Rh5 Qe7 21.d6 Qd8 22.Nf6+ Kf8
23.Nxh7+ Kg8  1-0

[Event "SCO-ch"]
[Site "Edinburgh"]
[Date "1999.07.22"]
[Round "7"]
[White "Norris, Alan J"]
[Black "McNab, Colin Anderson"]
[Result "0-1"]
[WhiteElo "2335"]
[BlackElo "2445"]

1.c4 e5 2.g3 d6 3.Bg2 c6 4.Nc3 Be6 5.d3 Be7 6.e4 Qc8 7.h4 Nf6 8.Nge2 a6 9.b3 b5
10.Bb2 O-O 11.Qd2 Rd8 12.Rc1 bxc4 13.dxc4 Qb7 14.O-O Nbd7 15.Ba3 Qa7 16.Na4 Ng4
17.Nec3 Ndf6 18.Qe1 h6 19.Bf3 Rab8 20.Kg2 d5 21.Bxe7 Qxe7 22.cxd5 cxd5 23.exd5 Nxd5
24.Nxd5 Bxd5 25.Bxd5 Rxd5 26.Qe2 h5 27.f3 Rbd8 28.Rc2 Nf6 29.Nb6 Rd4 30.Nc4 e4
31.fxe4 Rxe4 32.Qf3 Ng4 33.Rd1 Rxd1 34.Qxd1 Rxc4  0-1

[Event "Paris-ch"]
[Site "Paris"]
[Date "1999.07.22"]
[Round "6"]
[White "Appleberry, Martin"]
[Black "Gravagna, Pierre"]
[Result "1-0"]
[WhiteElo "2278"]
[BlackElo "2065"]

1.c4 e5 2.g3 f5 3.Nc3 Nf6 4.d4 exd4 5.Qxd4 Nc6 6.Qe3+ Be7 7.Bg2 O-O 8.Nh3 b6
9.O-O Bb7 10.b3 Bc5 11.Qd2 d6 12.Bb2 Bd4 13.Nf4 Bxc3 14.Qxc3 Qd7 15.Rad1 Ne4
16.Bxe4 fxe4 17.c5 Ne5 18.Qxe5 dxe5 19.Rxd7  1-0

[Event "SCO-ch"]
[Site "Edinburgh"]
[Date "1999.07.24"]
[Round "9"]
[White "Grant, Jonathan"]
[Black "Buchanan, Walter F"]
[Result "1-0"]
[WhiteElo "2260"]
[BlackElo "2100"]

1.c4 e5 2.g3 Nc6 3.Nc3 g6 4.Bg2 Bg7 5.e4 d6 6.Nge2 Nge7 7.O-O O-O 8.d3 f5
9.Nd5 Be6 10.Be3 Qd7 11.Qd2 Rf7 12.d4 fxe4 13.Nxc7 Qxc7 14.d5 Bg4 15.dxc6 Qxc6
16.Nc3 Bf3 17.b3 Raf8 18.Nb5 Nf5 19.Nxa7 Qd7 20.Bh3 Qd8 21.Nb5 Nd4 22.Nxd4 exd4
23.Bxd4 Bxd4 24.Qxd4 Qf6 25.Qxf6 Rxf6 26.Rae1 Rd8 27.Bg2 d5 28.Bxf3 exf3
29.Rd1 d4 30.Rd3 Re6 31.Rxf3 Re2 32.a4 d3 33.Rd1 d2 34.Re3 Rxe3 35.fxe3 Rd3
36.Kf2 Rxb3 37.Rxd2 Rb4 38.Rd7 Rxc4 39.Rxb7 Rxa4 40.h4 Ra2+ 41.Kf3 Ra1 42.e4 Re1
43.Kf4 Re2 44.Re7 Re1 45.e5 Re2 46.Ra7 Re1 47.g4 Rh1 48.e6 Re1 49.e7 Kf7
50.e8=Q+ Kxe8 51.Rxh7 Kf8 52.Kg5 Re6 53.Ra7 Rb6 54.Kh6 Rb4 55.g5 Rxh4+ 56.Kxg6 Rd4
57.Ra8+ Ke7 58.Rg8 Rh4 59.Kg7 Rh1 60.g6 Rg1 61.Ra8 Rg2 62.Ra1 Ke6 63.Rf1 Ke7
64.Re1+ Kd7 65.Kf7 Rf2+ 66.Kg8 Rg2 67.g7 Rg3 68.Rh1 Ke7 69.Kh7 Kf7 70.g8=Q+  1-0

[Event "Aceimar op 6th"]
[Site "Mondariz Balneario"]
[Date "1999.08.02"]
[Round "7"]
[White "Martinez Rodriguez, Pablo"]
[Black "Sales Montealegre, Raquel"]
[Result "0-1"]
[WhiteElo "2249"]
[BlackElo "2120"]

1.c4 e5 2.g3 Nc6 3.Bg2 f5 4.Nc3 Nf6 5.d3 Bc5 6.a3 a5 7.Nf3 d6 8.Rb1 O-O 9.Bg5 Ne7
10.d4 exd4 11.Nxd4 Qe8 12.b4 axb4 13.axb4 Bb6 14.Ndb5 Kh8 15.c5 dxc5 16.bxc5 Ba5
17.O-O Bd7 18.Bxf6 Rxf6 19.Bxb7 Rb8 20.Bf3 Ng6 21.Ra1 Bxc3 22.Nxc3 Ne5 23.Ra7 Nxf3+
24.exf3 Bc6 25.Rxc7 Qe5 26.Rxc6 Rxc6 27.Na4 Re8 28.f4 Qe4 29.Qd7 Rce6 30.Nc3 Qf3
31.Nd5 Re1 32.Ne3 R8xe3  0-1

[Event "Lost Boys op"]
[Site "Antwerp"]
[Date "1999.08.08"]
[Round "9"]
[White "Egeli, Per Ove"]
[Black "Van der Sterren, Paul"]
[Result "0-1"]
[WhiteElo "2335"]
[BlackElo "2535"]

1.c4 e5 2.g3 Nf6 3.Bg2 d5 4.cxd5 Nxd5 5.Nc3 Nb6 6.Nf3 Nc6 7.a3 Be7 8.d3 O-O
9.b4 Be6 10.O-O a5 11.b5 Nd4 12.Bb2 Nb3 13.Nxe5 Nxa1 14.Qxa1 f6 15.Nf3 a4
16.Rc1 Re8 17.Ne4 Bd5 18.Qb1 Qd7 19.Nc3 Bf7 20.Qc2 Bf8 21.e3 c5 22.bxc6 bxc6
23.Ne4 Rac8 24.Nc5 Qa7 25.Bd4 Qa5 26.Bh3 Rb8 27.Nd7 Nxd7 28.Bxd7 Red8 29.Qxc6 Qd5
30.Bg4 f5 31.Qxd5 Bxd5  0-1

[Event "Mala mem op"]
[Site "Griesheim"]
[Date "1999.08.08"]
[Round "6"]
[White "Roosen, Holger"]
[Black "Treffert, Peter"]
[Result "0-1"]
[WhiteElo "2188"]
[BlackElo "2253"]

1.g3 e5 2.c4 d6 3.Bg2 Nc6 4.Nc3 f5 5.d3 Nf6 6.e3 g6 7.Nge2 Bg7 8.O-O O-O
9.Rb1 a5 10.a3 Be6 11.b4 axb4 12.axb4 e4 13.b5 Na5 14.Nd4 Bf7 15.dxe4 fxe4
16.Nxe4 Bxc4 17.Bb2 Bxf1 18.Kxf1 Qd7 19.Ne6 Nxe4 20.Nxf8 Qxb5+ 21.Kg1 Bxb2
22.Bxe4 Kxf8 23.Qc2 Nc4 24.Bd3 d5 25.Bxc4 dxc4 26.Rxb2 Ra1+ 27.Kg2 Qd5+ 28.e4 Qd3
29.Qxd3 cxd3 30.Kf3 c5 31.Ke3 c4 32.Kd2 b5 33.Kc3 Rc1+ 34.Kd2 Rf1 35.Kc3 Rc1+
36.Kd2 Ra1 37.Kc3 Ra3+ 38.Kb4 c3 39.Kxa3 d2  0-1

[Event "MK Cafe Cup-A"]
[Site "Koszalin"]
[Date "1999.08.08"]
[Round "6"]
[White "Markowski, Tomasz"]
[Black "Oral, Tomas"]
[Result "1/2-1/2"]
[WhiteElo "2557"]
[BlackElo "2541"]

1.g3 e5 2.c4 g6 3.Bg2 Bg7 4.Nc3 d6 5.d3 c5 6.Nf3 Ne7 7.a3 Nbc6 8.Rb1 a5 9.O-O O-O
10.Bd2 h6 11.Nb5 Be6 12.b4 axb4 13.axb4 e4 14.Ne1 exd3 15.Nxd3 Bxc4 16.bxc5 dxc5
17.Bf4 Bxb5 18.Rxb5 c4 19.Nc1 Qxd1 20.Rxd1 Rfd8 21.Rxd8+ Rxd8 22.Bxc6 Nxc6
23.Rxb7 g5 24.Be3 Bd4 25.Bxd4 Rxd4 26.Rc7 Ne5 27.Kg2 g4 28.Rc5 f6 29.h3 Rd2
30.Ra5 h5 31.hxg4 hxg4 32.Ra3 Rc2 33.Ra1 Nc6 34.f3 Nd4 35.fxg4 Kg7 36.Kf2 Kg6
37.Ke3 Nc6 38.Kf4 Nb4 39.Ke4 Kg5 40.Kf3 Nc6 41.Ke3 Kxg4 42.Ra6 Ne7 43.Na2 Nf5+
44.Ke4 Rxe2+ 45.Kd5 Ne3+ 46.Kd4 f5 47.Nc3 Re1 48.Rg6+ Kf3 49.Rg8 Kf2 50.Rg6 Rc1
51.Rg8 Rc2 52.g4 fxg4 53.Ne4+ Ke2 54.Rf8 Nd1 55.Rf4 c3 56.Rxg4 Rc1 57.Rg2+ Kf3
58.Rg3+ Ke2  1/2-1/2

[Event "Mipap Cup"]
[Site "Olomouc"]
[Date "1999.08.09"]
[Round "4"]
[White "Petran, Peter"]
[Black "Held, Markus"]
[Result "1-0"]
[WhiteElo "2407"]
[BlackElo "2195"]

1.g3 e5 2.c4 c6 3.d4 Bb4+ 4.Bd2 Bxd2+ 5.Qxd2 d6 6.Nc3 Nf6 7.Bg2 Nbd7 8.e3 O-O
9.Nge2 Re8 10.O-O Nf8 11.b4 Ng6 12.d5 c5 13.bxc5 dxc5 14.e4 b6 15.a4 Re7
16.a5 Ba6 17.Ra4 bxa5 18.Rfa1 Ne8 19.Nb5 Bxb5 20.cxb5 Nd6 21.Qxa5 Qxa5 22.Rxa5 Rb8
23.Nc3 Rbb7 24.Bf1 c4 25.Bh3 Kf8 26.Ra6 Rb6 27.Rxa7 Rxa7 28.Rxa7 Nxb5 29.Nxb5 Rxb5
30.Rc7 Rb1+ 31.Kg2 Rb4 32.Bf5 Ke8 33.d6 Rb8 34.d7+  1-0

[Event "MK Cafe Cup-B"]
[Site "Koszalin"]
[Date "1999.08.10"]
[Round "7"]
[White "Husari, Sate"]
[Black "Polkowski, Piotr"]
[Result "1-0"]
[WhiteElo "2307"]
[BlackElo "2184"]

1.c4 e5 2.g3 Nc6 3.Bg2 f5 4.d3 Bc5 5.Nc3 d6 6.e3 Nf6 7.Nge2 O-O 8.O-O Qe8
9.a3 a5 10.Rb1 Kh8 11.d4 Ba7 12.b4 f4 13.b5 Bg4 14.f3 Bf5 15.bxc6 Bxb1 16.cxb7 Rb8
17.Nxb1 Rxb7 18.Nbc3 Qc6 19.c5 exd4 20.exd4 dxc5 21.d5 Qa6 22.Bxf4 Re8 23.Bh3 Qc4
24.Qd2 Nxd5 25.Bd7 Nxc3 26.Nxc3 Rf8 27.Be5 Qf7 28.Bc6 Rbb8 29.Qg5 Rb6 30.Bd5 Rg6
31.Bxf7 Rxg5 32.Bf4 Rf5 33.Bc4 Bb6 34.Re1 c6 35.Bd6 Rd8 36.f4 h6 37.Be5 Rff8
38.Rb1 Rd4 39.Bxd4 cxd4 40.Rxb6 dxc3 41.Rxc6 Rd8 42.Bb3 a4 43.Bxa4 Ra8 44.Bc2  1-0

[Event "MK Cafe Cup-A"]
[Site "Koszalin"]
[Date "1999.08.10"]
[Round "7"]
[White "Stryjecki, Marek"]
[Black "Przedmojski, Rafal"]
[Result "1/2-1/2"]
[WhiteElo "2448"]
[BlackElo "2405"]

1.g3 e5 2.c4 g6 3.Bg2 Bg7 4.Nc3 f5 5.e3 Nf6 6.Nge2 d6 7.d3 O-O 8.O-O Kh8
9.Rb1 g5 10.f4 gxf4 11.exf4 Nc6 12.b4 Qe8 13.b5 Ne7 14.a4 Rb8 15.Be3 b6 16.fxe5 dxe5
17.d4 Ng4 18.Bg5 f4 19.Bxe7 Qxe7 20.Nd5 Qg5 21.gxf4 exf4 22.Nexf4 Ne3 23.Nxe3 Rxf4
24.Rxf4 Qxf4 25.Nd5 Qh4 26.Kh1 Bf5 27.Qe1 Qxd4 28.Rd1 Qxc4 29.Ne3 Qe6 30.Nxf5 Qxf5
31.Qe7 Qc8  1/2-1/2

[Event "Baunatal op 5th"]
[Site "Baunatal"]
[Date "1999.08.14"]
[Round "5"]
[White "Blum, Gernot"]
[Black "Pichl, Uwe"]
[Result "1-0"]
[WhiteElo "2128"]
[BlackElo "1715"]

1.c4 e5 2.g3 Bc5 3.e3 Nc6 4.Bg2 Nge7 5.Nc3 d6 6.Nge2 a6 7.O-O Bf5 8.d4 exd4
9.Nxd4 Bxd4 10.exd4 Qd7 11.Re1 O-O-O 12.a3 Bh3 13.Bh1 Na5 14.b4 Nxc4 15.Qe2 Qe6
16.Bxb7+ Kb8 17.Qd1 Qd7 18.Bh1 Bg4 19.Qd3 d5 20.Nxd5 Nxd5 21.Qxc4 Qb5 22.Qc2 Rhe8
23.Bd2 g6 24.a4 Qb7 25.Bg2 Re6 26.Rxe6 fxe6 27.b5 axb5 28.axb5 Bf5 29.Qa4 Bd3
30.b6 Nxb6 31.Qa3 Be4 32.Qe7 Rxd4 33.Be3 Nc8 34.Bxe4 Qxe4 35.Qxh7 Rb4 36.h4 Rb1+
37.Rxb1+ Qxb1+ 38.Kh2 Qf5 39.h5 Qxh5+ 40.Qxh5 gxh5 41.Kh3 Nd6 42.Kh4 Nf5+
43.Kxh5 Nxe3 44.fxe3 Kc8 45.g4 Kd7 46.g5 Ke7 47.Kh6 Kf7 48.Kh7  1-0

[Event "FRA-ch (Women)"]
[Site "Bescanon"]
[Date "1999.08.19"]
[Round "2"]
[White "Delahaye, Raphaelle"]
[Black "Muller, Anne"]
[Result "1/2-1/2"]
[WhiteElo "2227"]
[BlackElo "2115"]

1.c4 e5 2.g3 Nf6 3.Bg2 d5 4.cxd5 Nxd5 5.Nc3 Nb6 6.Nf3 Nc6 7.O-O Be7 8.d3 O-O
9.Bd2 Re8 10.Ne4 Bf8 11.Rc1 Nd4 12.Nc5 c6 13.b4 Nd5 14.a3 Qe7 15.e3 Nxf3+
16.Bxf3 Bh3 17.Re1 Rad8 18.Qb3 Qf6 19.Be4 Re7 20.b5 Qh6 21.bxc6 bxc6 22.Ba5 Rd6
23.Nb7 Rde6 24.Nd8 Nf6 25.Bg2 Ng4 26.Nxc6 Re8 27.Be4 Rf6 28.f4 Nxh2 29.Nxe5 Rxe5
30.fxe5 Nf3+ 31.Bxf3 Rxf3 32.Re2 Rxe3 33.Rxe3 Qxe3+ 34.Kh2 Qxc1 35.Kxh3 Qh1+
36.Kg4 h5+ 37.Kf4 Qf1+ 38.Ke4 Qg2+ 39.Kf4 Qf2+ 40.Ke4 Qxg3 41.Qb8 f5+ 42.Kd5 Qxd3+
43.Ke6 Qxa3 44.Qxa7 Qb3+ 45.Kxf5 Qf3+ 46.Ke6 h4 47.Bb6 h3 48.Bg1 h2 49.Bxh2 Qh3+
50.Kd5 Qxh2 51.Qb8 Qa2+ 52.Ke4 Qe6 53.Qd8 Kf7 54.Qb8 Qc4+ 55.Kf3 Be7 56.Kg2 Qe4+
57.Kg3 Ke6 58.Qg8+ Kf5 59.Qf7+ Bf6 60.exf6 Qf4+ 61.Kg2 gxf6 62.Qd5+ Kg4 63.Qe6+ Kh4
64.Qh3+ Kg5 65.Qg3+ Kf5 66.Qf3 Ke5 67.Qc3+ Ke6 68.Qc6+ Kf5 69.Qd7+ Kg5 70.Qg7+ Kh4
71.Qh7+ Kg4 72.Qh3+ Kg5 73.Qg3+ Qg4 74.Kf2  1/2-1/2

[Event "Ikaros op"]
[Site "Ikaros"]
[Date "1999.08.20"]
[Round "7"]
[White "Rasmussen, Karsten"]
[Black "Pedersen, Jan"]
[Result "0-1"]
[WhiteElo "2420"]
[BlackElo "2334"]

1.c4 e5 2.g3 Nc6 3.Bg2 g6 4.Nc3 Bg7 5.e3 d6 6.Nge2 Bd7 7.d3 Qc8 8.Nd5 Nce7
9.O-O Nxd5 10.cxd5 Ne7 11.e4 O-O 12.Bg5 f6 13.Be3 f5 14.Qd2 c5 15.dxc6 Bxc6
16.Nc3 Qe6 17.Rac1 Rf7 18.b4 a6 19.a4 Raf8 20.Bh3 Qd7 21.Qa2 Kh8 22.Qb3 Qe8
23.Bg5 Bf6 24.Bh6 Bg7 25.Bxg7+ Kxg7 26.b5 axb5 27.Nxb5 Qd8 28.Qb4 Rf6 29.Na7 R8f7
30.exf5 gxf5 31.a5 Rh6 32.Bg2 Bxg2 33.Kxg2 Nd5 34.Qd2 Qf6 35.Nb5 f4 36.Rc4 Qf5
37.h4 Rxh4 38.gxh4 Qg4+ 39.Kh2 Qxh4+ 40.Kg2 Qg4+ 41.Kh2 Rf6  0-1

[Event "FRA-ch (Women)"]
[Site "Bescanon"]
[Date "1999.08.21"]
[Round "4"]
[White "Delahaye, Raphaelle"]
[Black "Dacalor, Aurelie"]
[Result "1-0"]
[WhiteElo "2227"]
[BlackElo "2131"]

1.c4 e5 2.g3 Bc5 3.Bg2 d6 4.Nc3 c6 5.e3 Be6 6.d4 Bb4 7.Qb3 Qb6 8.Ne2 Ba5
9.O-O Qxb3 10.axb3 Bc7 11.Nb5 Na6 12.Rxa6 cxb5 13.Bxb7 Rb8 14.Bc6+ Kd8 15.Bxb5 Bb6
16.dxe5 dxe5 17.Bd2 Ne7 18.Bb4 Nc8 19.Rd1+ Kc7 20.c5 Rd8 21.Rxd8 Kxd8 22.cxb6 axb6
23.Bc4 Bg4 24.Kf1 Rb7 25.Ra8 b5 26.Bd5 Rd7 27.Nc3 Rxd5 28.Nxd5 Bf3 29.Ba5+ Kd7
30.Nb6+ Nxb6 31.Ra7+  1-0

[Event "Pyramiden Franken Cup"]
[Site "Fuerth"]
[Date "1999.08.21"]
[Round "1"]
[White "Willim, Michael"]
[Black "Yakovich, Yuri"]
[Result "0-1"]
[WhiteElo "2130"]
[BlackElo "2592"]

1.c4 e5 2.g3 Nf6 3.Bg2 d5 4.cxd5 Nxd5 5.Nc3 Nb6 6.Nf3 Nc6 7.d3 Be7 8.O-O O-O
9.a3 Be6 10.b4 a5 11.b5 Nd4 12.Bb2 Nb3 13.Rb1 f6 14.Nd2 Nc5 15.Nde4 Ncd7
16.Nd2 Qc8 17.Qc2 Kh8 18.Rfc1 a4 19.Nf1 Nc5 20.Ne3 Nb3 21.Re1 Rd8 22.Ne4 Ra5
23.Nc3 Nd4 24.Qd2 Qa8 25.Bc1 Bb3 26.Be4 Nxb5 27.Nf5 Bf8 28.Nxb5 Rxb5 29.g4 Nd5
30.g5 Qa5 31.Qxa5 Rxa5 32.gxf6 gxf6 33.Bb2 c5 34.Kh1 b5 35.Rg1 Nf4 36.Rg4 Nxe2
37.Re1 Nd4 38.Bxd4 cxd4 39.Reg1 Ra7 40.Rc1 b4 41.Rc6 bxa3 42.Rxf6 a2 43.Rg1 Bb4
44.Nh4 Rg7  0-1

[Event "Ehrat mem"]
[Site "Zurich"]
[Date "1999.08.21"]
[Round "8"]
[White "Vogt, Lothar"]
[Black "Zueger, Beat"]
[Result "1/2-1/2"]
[WhiteElo "2485"]
[BlackElo "2434"]

1.g3 e5 2.c4 d6 3.Bg2 f5 4.d4 Be7 5.Nc3 Nf6 6.Nf3 e4 7.Ng5 c6 8.d5 O-O 9.O-O Kh8
10.Kh1 Nxd5 11.Ngxe4 Nb6 12.Nd2 Be6 13.b3 d5 14.cxd5 Nxd5 15.Nxd5 Bxd5 16.Bxd5 Qxd5+
17.Nf3 Qxd1 18.Rxd1 Bf6 19.Rb1 Na6 20.Ba3 Rfd8 21.Bd6 Kg8 22.b4 Kf7 23.a3 Rd7
24.Bf4 Rad8 25.Rxd7+ Rxd7 26.Be3 Nc7 27.a4 a6 28.Kg2 Nd5 29.Bd2 Nb6 30.b5 Nxa4
31.bxc6 bxc6 32.Rb4 Nc5 33.Rb6 Ne4 34.Bf4 c5 35.Rxa6 c4 36.Rc6 c3 37.Ne5+ Bxe5
38.Bxe5 Rd2 39.Bxc3 Nxc3 40.Rxc3 Rxe2  1/2-1/2

[Event "Polanica Zdroj op"]
[Site "Polanica Zdroj"]
[Date "1999.08.22"]
[Round "6"]
[White "Sulskis, Sarunas"]
[Black "Wojcieszyn, Jacenty"]
[Result "1-0"]
[WhiteElo "2521"]
[BlackElo "2313"]

1.c4 e5 2.g3 Nc6 3.Nc3 g6 4.Bg2 Bg7 5.Nf3 f5 6.d3 Nge7 7.h4 h6 8.Bd2 d6 9.Rb1 a5
10.Nd5 Be6 11.e4 O-O 12.Qc1 fxe4 13.dxe4 h5 14.Bg5 Qd7 15.Qe3 Nc8 16.O-O Nd8
17.Bxd8 Qxd8 18.Qg5 Qxg5 19.Nxg5 Bxd5 20.cxd5 c5 21.a4 Nb6 22.b3 Bh6 23.Ne6 Rf7
24.f4 Nd7 25.Rf3 Nf8 26.Bh3 Kh7 27.Rbf1 Re8 28.fxe5 Rxf3 29.Rxf3 Nxe6 30.dxe6 dxe5
31.Rf7+ Kg8 32.Rxb7 Be3+ 33.Kf1 Bd4 34.Ke2 Kf8 35.Rb5 Bc3 36.Rxc5 Bb4 37.Rxe5 Ke7
38.Rb5 Rd8 39.e5 Rd2+ 40.Ke3 Rb2 41.Rb7+ Ke8 42.Bf1 Rxb3+ 43.Ke4 Rxg3 44.Bb5+ Kf8
45.Rf7+ Kg8 46.e7  1-0

[Event "BIH-chT"]
[Site "Bihac"]
[Date "1999.08.23"]
[Round "3"]
[White "Cekro, Ekrem"]
[Black "Lazovic, Gordan"]
[Result "1-0"]
[WhiteElo "2398"]
[BlackElo "2319"]

1.c4 e5 2.g3 Nf6 3.Bg2 c6 4.d4 exd4 5.Qxd4 d5 6.cxd5 cxd5 7.Nf3 Nc6 8.Qa4 Bc5
9.O-O h6 10.Ne5 Qa5 11.Qxa5 Nxa5 12.Bd2 Nc6 13.Nd3 Bb6 14.Nc3 Be6 15.Na4 Ke7
16.Nxb6 axb6 17.a3 Rhd8 18.Rac1 Rac8 19.Rfe1 Bf5 20.Bc3 g5 21.Red1 Ne4 22.Kf1 Nxc3
23.Rxc3 Rd6 24.Rdc1 Rcd8 25.Rb3 Nd4 26.Rb4 Ne6 27.Ne5 f6 28.Nd3 Bxd3 29.exd3 Nc5
30.Ke2 Re6+ 31.Kd2 Red6 32.Bh3 Rc6 33.Bf5 Rdd6 34.h4 Rc7 35.Rb1 Kf7 36.f4 Na6
37.Rb3 Nc5 38.Rb5 Re7 39.fxg5 fxg5 40.Rh1 Kf6 41.Rf1 Kg7 42.hxg5 hxg5 43.Rh1 Ne6
44.Rb4 Rf7 45.Rh7+ Kf6 46.Rxf7+ Kxf7 47.Ke3 Nd8 48.Rb5 Kf6 49.Bg4 Nf7 50.Bc8 Nd8
51.Rb4 Rc6 52.Bd7 Rd6 53.Bg4 Ke5 54.Rb5 Kf6 55.Rb3 Ke5 56.d4+ Kf6 57.Kd2 Kg6
58.Re3 Kf6 59.Rf3+ Kg6 60.Kd3 Rf6  1-0

[Event "FRA-ch (Women)"]
[Site "Bescanon"]
[Date "1999.08.24"]
[Round "7"]
[White "Delahaye, Raphaelle"]
[Black "Franc, Nathalie"]
[Result "1/2-1/2"]
[WhiteElo "2227"]
[BlackElo "2085"]

1.c4 e5 2.g3 Nf6 3.Bg2 Nc6 4.Nc3 Bb4 5.a3 Bxc3 6.bxc3 O-O 7.e4 d6 8.d3 Re8
9.Ne2 Nd7 10.O-O Nc5 11.f3 Ne7 12.d4 Nd7 13.f4 c5 14.fxe5 dxe5 15.Be3 Qc7
16.d5 Ng6 17.Nc1 b6 18.Qf3 Rf8 19.Bh3 Ba6 20.Qe2 Nf6 21.Bg5 Ne8 22.Nb3 Nd6
23.Nd2 Qb8 24.a4 Qc7 25.Bf5 Ne7 26.Bh3 Ng6 27.Rf2 Rae8 28.Raf1 Bc8 29.Bxc8 Qxc8
30.Qd1 Qc7 31.Qc2 Ne7  1/2-1/2

[Event "FRA-ch qual"]
[Site "Bescanon"]
[Date "1999.08.24"]
[Round "7"]
[White "Chabanon, Jean Luc"]
[Black "Marcelin, Cyril"]
[Result "1/2-1/2"]
[WhiteElo "2456"]
[BlackElo "2395"]

1.c4 e5 2.g3 Nf6 3.Bg2 d5 4.cxd5 Nxd5 5.d3 Be7 6.Nf3 Nc6 7.O-O O-O 8.Nbd2 Re8
9.Nc4 Bf6 10.Bd2 Bg4 11.h3 Be6 12.Rc1 Nb6 13.b3 Qd7 14.Kh2 h6 15.Ng1 Bd5
16.f3 Bg5 17.Ne3 Nd4 18.h4 Be7 19.Bh3 Be6 20.Ng4 Bd6 21.e3 Nc6 22.f4 exf4
23.gxf4 Qe7 24.Nf3 Nd5 25.Re1 Qd7 26.Ng1 Qe7 27.Nf3 Qd7 28.Ng1 Qe7 29.Nf3 Qd7
30.Ng1  1/2-1/2

[Event "Polanica Zdroj op"]
[Site "Polanica Zdroj"]
[Date "1999.08.25"]
[Round "10"]
[White "Sulskis, Sarunas"]
[Black "Lobejko, Rafal"]
[Result "1-0"]
[WhiteElo "2521"]
[BlackElo "2374"]

1.c4 e5 2.g3 g6 3.d4 exd4 4.Qxd4 Nf6 5.Bg5 Bg7 6.Qe3+ Kf8 7.Bh6 Ng4 8.Bxg7+ Kxg7
9.Qc3+ Qf6 10.h3 Qxc3+ 11.Nxc3 Ne5 12.e4 d6 13.f4 Nec6 14.O-O-O a5 15.c5 dxc5
16.Nd5 a4 17.Nxc7 Ra5 18.Nf3 a3 19.Rh2 Nb4 20.b3 N8c6 21.Kb1 b6 22.Rhd2 Ra7
23.Nb5 Rc7 24.Nd6 Be6 25.g4 f6 26.f5 Bc8 27.Bb5 Re8 28.h4 gxf5 29.gxf5 Kf8
30.Nxc8 Rcxc8 31.Rd6 Rxe4 32.Rxf6+ Kg7 33.Rfd6 Rf4 34.Ng5 Rxf5 35.Rd7+ Kg6
36.Rg1 Kf6 37.Rf7+ Kg6 38.h5+ Kxh5 39.Rxf5 Nd4 40.Rf2 Nxb5 41.Ne4  1-0

[Event "BIH-chT"]
[Site "Bihac"]
[Date "1999.08.27"]
[Round "7"]
[White "Cekro, Ekrem"]
[Black "Begic, Senad"]
[Result "1-0"]
[WhiteElo "2398"]
[BlackElo "2270"]

1.c4 e5 2.g3 Nf6 3.Nc3 Bb4 4.Bg2 O-O 5.e4 d6 6.Nge2 Nc6 7.O-O Bg4 8.h3 Bxc3
9.bxc3 Be6 10.d3 Nd7 11.Rb1 f6 12.Be3 b6 13.f4 Na5 14.g4 Qe7 15.f5 Bf7 16.h4 c6
17.Ng3 Rac8 18.g5 d5 19.exd5 e4 20.d6 Qxd6 21.Nxe4 Qe7 22.Re1 Ne5 23.Bf4 Qd7
24.gxf6 Qxf5 25.Bg5 Rfd8 26.d4 h6 27.Ng3 Qg4 28.Rxe5 Qxg3 29.Re3 Qd6 30.Bxh6 Nxc4
31.Re7 Qxf6 32.Bg5 Qg6 33.Be4 Qd6 34.Rxf7 Qg3+ 35.Bg2 Kxf7 36.Qf1+ Kg6 37.Qxc4 Rf8
38.Qe6+ Kh7 39.Qe3 Qxe3+ 40.Bxe3 Rce8 41.Bg5 Re2 42.Bxc6 Kg6 43.a4 Rc8 44.d5 Rc2
45.Rc1 Ra2 46.c4 Kh5 47.Rf1 g6 48.Rf2 Ra3 49.Bb5 Rd3 50.c5  1-0